Бухгалтерское дело: учебное пособие для вузов

Dades bibliogràfiques
Autor principal: Плучевская Э. В. Эмилия Валерьевна
Autor corporatiu: Томский политехнический университет (ТПУ)
Sumari:В пособии представлены теоретические аспекты и практические задания по организации бухгалтерского дела в РФ. Пособие подготовлено на кафедре экономики на основе авторского курса лекций и практических занятий, проведенных для студентов ИЭФ. Содержит историю становления и развития бухгалтерского дела, метод бухгалтерского учета, порядок организации бухгалтерского дела на предприятиях, основные виды бухгалтерской документации. Пособие предназначено для студентов, изучающих бухгалтерский учет на инженерно-экономическом факультете по специальности 080109 «Бухгалтерский учет, анализ и аудит».
Idioma:rus
Publicat: Томск, Изд-во ТПУ, 2009
Matèries:
Format: MixedMaterials Llibre
KOHA link:https://koha.lib.tpu.ru/cgi-bin/koha/opac-detail.pl?biblionumber=184457

MARC

LEADER 00000nam0a2200000 4500
001 184457
005 20231101223839.0
035 |a (RuTPU)RU\TPU\book\200040 
090 |a 184457 
100 |a 20100909d2009 m y0rusy50 ca 
101 0 |a rus 
102 |a RU 
105 |a y j 001zy 
200 1 |a Бухгалтерское дело  |e учебное пособие для вузов  |f Э. В. Плучевская  |g Томский политехнический университет (ТПУ) 
210 |a Томск  |c Изд-во ТПУ  |d 2009 
215 |a 94 с. 
320 |a Библиогр.: с. 92-93. 
330 |a В пособии представлены теоретические аспекты и практические задания по организации бухгалтерского дела в РФ. Пособие подготовлено на кафедре экономики на основе авторского курса лекций и практических занятий, проведенных для студентов ИЭФ. Содержит историю становления и развития бухгалтерского дела, метод бухгалтерского учета, порядок организации бухгалтерского дела на предприятиях, основные виды бухгалтерской документации. Пособие предназначено для студентов, изучающих бухгалтерский учет на инженерно-экономическом факультете по специальности 080109 «Бухгалтерский учет, анализ и аудит». 
606 1 |a Бухгалтерский учет  |2 stltpush  |3 (RuTPU)RU\TPU\subj\30744  |9 53805 
610 1 |a хозяйственный учет 
610 1 |a предприятия 
610 1 |a имущество 
610 1 |a практические задания 
610 1 |a учебные пособия 
610 1 |a труды учёных ТПУ 
675 |a 657.22(075.8)  |v 3 
700 1 |a Плучевская  |b Э. В.  |c экономист  |c доцент Томского политехнического университета  |g Эмилия Валерьевна  |2 stltpush  |3 (RuTPU)RU\TPU\pers\26812 
712 0 2 |a Томский политехнический университет (ТПУ)  |c (1991-2009)  |2 stltpush  |3 (RuTPU)RU\TPU\col\376 
801 1 |a RU  |b 63413507  |c 20100909 
801 2 |a RU  |b 63413507  |c 20201208  |g RCR 
942 |c BK